[Event "Guernsey Open"]
[Site "?"]
[Date "2002.??.??"]
[Round "1"]
[White "Burton, Ronnie"]
[Black "Nicholson, John"]
[Result "1/2-1/2"]
[WhiteElo "2078"]
[BlackElo "1712"]
[PlyCount "40"]
[EventDate "2002.10.20"]

1. d4 d5 2. Nf3 Nf6 3. e3 g6 4. b3 Bg7 5. Bb2 O-O 6. Nbd2 b6 7. Be2 c5 8. O-O
Nc6 9. c4 cxd4 10. Nxd4 Bb7 11. Nxc6 Bxc6 12. Bf3 Rc8 13. Rc1 e6 14. Rc2 Qe7
15. Qa1 dxc4 16. Bxc6 Rxc6 17. Rxc4 Rfc8 18. Rfc1 Rxc4 19. Rxc4 Rxc4 20. Nxc4
Nh5 1/2-1/2

[Event "Guernsey Open"]
[Site "?"]
[Date "2002.??.??"]
[Round "1"]
[White "O'Toole, Anthony"]
[Black "Murray, J Stephen"]
[Result "1/2-1/2"]
[WhiteElo "1672"]
[BlackElo "2075"]
[PlyCount "42"]
[EventDate "2002.10.20"]

1. d4 d5 2. e3 Nf6 3. c4 e6 4. Nc3 Be7 5. Nf3 O-O 6. Bd3 dxc4 7. Bxc4 c5 8. O-O
Nc6 9. a3 a6 10. dxc5 Bxc5 11. b4 Be7 12. Bb2 b5 13. Bb3 Bb7 14. Qe2 Qb6 15.
Rfd1 Rfd8 16. Rac1 Rxd1+ 17. Rxd1 Rd8 18. Rxd8+ Qxd8 19. Qd2 Qc7 20. Ne2 h6 21.
h3 Nd7 1/2-1/2

[Event "Guernsey Open"]
[Site "?"]
[Date "2002.??.??"]
[Round "1"]
[White "Arnott, Jonathan"]
[Black "Kuijpers, Jos"]
[Result "0-1"]
[WhiteElo "2070"]
[BlackElo "1598"]
[PlyCount "98"]
[EventDate "2002.10.20"]

1. e4 e6 2. d4 d5 3. e5 c5 4. c3 Nc6 5. Nf3 b6 6. Bd3 Bb7 7. O-O h6 8. Be3 Qc7
9. Nbd2 a6 10. a4 c4 11. Be2 Nge7 12. b3 b5 13. axb5 axb5 14. Rxa8+ Bxa8 15. b4
Ng6 16. Ne1 Be7 17. f4 O-O 18. Bh5 Nh4 19. Bf2 g6 20. Qg4 Nf5 21. Bxg6 fxg6 22.
Qxg6+ Ng7 23. Qxh6 Nd8 24. Be3 Nf7 25. Qg6 Bc6 26. Rf3 Nh8 27. Qg4 Kf7 28. f5
exf5 29. Bh6 Rg8 30. Bxg7 Rxg7 31. Qxf5+ Kg8 32. Nc2 Nf7 33. Ne3 Qd8 34. Ng4
Bg5 35. Nf6+ Bxf6 36. exf6 Bd7 37. Qxd5 Rxg2+ 38. Kh1 Rg6 39. Ne4 Qe8 40. Re3
Bc6 41. Qf5 Nd6 42. f7+ Qxf7 43. Qxf7+ Kxf7 44. Rf3+ Kg7 45. Nd2 Bxf3+ 46. Nxf3
Ne4 47. h4 Nxc3 48. Ne5 Rh6 49. Nf3 Nd5 0-1

[Event "Guernsey Open"]
[Site "?"]
[Date "2002.??.??"]
[Round "1"]
[White "Goman, Colin R"]
[Black "Dennis, Nigel"]
[Result "0-1"]
[WhiteElo "1590"]
[BlackElo "2070"]
[PlyCount "64"]
[EventDate "2002.10.20"]

1. d4 Nf6 2. c4 g6 3. Nc3 Bg7 4. e4 d6 5. f4 c5 6. dxc5 Qa5 7. Qa4+ Qxa4 8.
Nxa4 Nxe4 9. cxd6 Nxd6 10. Bd3 Nc6 11. Ne2 Nb4 12. Bb1 Nxc4 13. a3 Nc6 14. Ba2
Nxa3 15. Bxf7+ Kxf7 16. Rxa3 Rd8 17. Rf1 Nb4 18. Kf2 Bf5 19. Rb3 Nd3+ 20. Ke3
Nxc1 21. Rxc1 b6 22. h3 Rac8 23. Nac3 Rd3+ 24. Kf2 Rd2 25. g4 Be6 26. Rb4 Rc4
27. Rb5 Bxc3 28. bxc3 Re4 29. Re1 Rdxe2+ 30. Rxe2 Rxe2+ 31. Kxe2 Bc4+ 32. Ke3
Bxb5 0-1

[Event "Guernsey Open"]
[Site "?"]
[Date "2002.??.??"]
[Round "1"]
[White "Kirkwood, Robin"]
[Black "Cheshire, Paul"]
[Result "1-0"]
[WhiteElo "2063"]
[BlackElo "1440"]
[PlyCount "131"]
[EventDate "2002.10.20"]

1. c4 Nf6 2. g3 g6 3. Bg2 Bg7 4. Nc3 d6 5. e4 O-O 6. Nge2 Nbd7 7. O-O Re8 8. d4
e5 9. d5 Nc5 10. b4 Na6 11. a3 Bd7 12. Qc2 Qc8 13. f3 Bh3 14. Be3 Bxg2 15. Kxg2
Qd7 16. Rfd1 h5 17. c5 Bf8 18. Na4 Kg7 19. c6 bxc6 20. dxc6 Qe6 21. b5 Nb8 22.
Nb2 Be7 23. Nc3 Nh7 24. Nd5 Bd8 25. Nc4 Rh8 26. Qf2 a6 27. a4 axb5 28. axb5
Rxa1 29. Rxa1 Bg5 30. Qd2 Bxe3 {(=)} 31. Ncxe3 Qc8 32. Ra7 Nf8 33. Rxc7 Qd8 34.
Ra7 Qc8 35. Ra8 Ne6 36. Qa5 Nxc6 37. Rxc8 Nxa5 38. Rxh8 Kxh8 39. b6 Nb7 {(=)}
40. Nc7 Nec5 41. Ned5 Kg7 42. Kf2 Nd3+ 43. Ke3 Ndc5 44. f4 Na5 45. Ne8+ Kf8 46.
Nxd6 exf4+ 47. gxf4 h4 48. Kf3 f6 49. Kg4 Nxe4 50. Nxe4 f5+ 51. Kf3 fxe4+ 52.
Kxe4 Kf7 53. Kf3 Ke6 54. Ne3 Kf6 55. Kg4 Kg7 56. Kxh4 Kf6 57. Kg4 Kg7 58. Kg5
Nb7 59. Nc4 Kf7 60. Ne5+ Kg7 61. Nxg6 Nd6 62. Ne5 Ne4+ 63. Kf5 Nd6+ 64. Ke6 Nb7
65. f5 Nc5+ 66. Ke7 1-0

[Event "Guernsey Open"]
[Site "?"]
[Date "2002.??.??"]
[Round "1"]
[White "Wismayer, Clive"]
[Black "Milnes, Anthony"]
[Result "1-0"]
[WhiteElo "2088"]
[BlackElo "2128"]
[PlyCount "81"]
[EventDate "2002.10.20"]

1. e4 e6 2. d4 d5 3. e5 c5 4. c3 Nc6 5. Nf3 Bd7 6. dxc5 Bxc5 7. b4 Bb6 8. b5
Na5 9. Bd3 Ne7 10. O-O Ng6 11. Re1 Rc8 12. a4 O-O 13. Ra2 Nc4 14. g3 f6 15.
Bxg6 hxg6 16. Kg2 fxe5 17. Nxe5 Nxe5 18. Rxe5 Rxf2+ 19. Rxf2 Bxf2 20. Kxf2 Qf6+
21. Bf4 Rf8 22. Kg2 a6 23. Qd3 axb5 24. axb5 Ra8 25. Re2 Ra1 26. Be5 Qf7 27.
Rf2 Qe8 28. Rb2 Ra5 29. b6 Bb5 30. Qf3 d4 31. Qf4 Bc6+ 32. Kh3 d3 33. Rf2 Ra4
34. c4 Bd5 35. Nd2 Bc6 36. Ne4 Qe7 37. Nd6 Ra5 38. Ne4 g5 39. Nxg5 Qe8 40. Qh4
Qg6 41. Qh8+ 1-0

[Event "Guernsey Open"]
[Site "?"]
[Date "2002.??.??"]
[Round "2"]
[White "Loerke, Reinhard"]
[Black "Gelashvili, Tamaz"]
[Result "0-1"]
[WhiteElo "2086"]
[BlackElo "2516"]
[PlyCount "72"]
[EventDate "2002.10.20"]

1. e4 d6 2. f4 g6 3. Nf3 Bg7 4. Bc4 Nf6 5. d3 d5 6. exd5 Nxd5 7. O-O O-O 8. c3
c5 9. Qe1 Nb6 10. Nbd2 Nxc4 11. dxc4 Nc6 12. Ne4 b6 13. Be3 Qd3 14. Ned2 Ba6
15. Nh4 Rad8 16. Rf3 Qc2 17. Rb1 Rd7 18. g4 Rfd8 19. Rf2 Qd3 20. g5 Bxc4 21.
Nxc4 Qxc4 22. Nf3 Qxa2 23. Nd2 Qd5 24. h4 e6 25. h5 Ne7 26. Rh2 Nf5 27. Nf1 Qf3
28. hxg6 hxg6 29. Bd2 c4 30. Rf2 Qc6 31. Qe2 Bf8 32. Rg2 Bc5+ 33. Kh1 Rxd2 34.
Nxd2 Ng3+ 35. Kh2 Nxe2 36. Rxe2 Be3 0-1

[Event "Guernsey Open"]
[Site "?"]
[Date "2002.??.??"]
[Round "2"]
[White "Webster, Andrew"]
[Black "Ippel, Cornelius"]
[Result "1-0"]
[WhiteElo "2415"]
[BlackElo "2108"]
[PlyCount "91"]
[EventDate "2002.10.20"]

1. c4 e6 2. Nf3 d5 3. g3 Nf6 4. Bg2 Be7 5. O-O c6 6. Qc2 O-O 7. d4 dxc4 8. Qxc4
Nbd7 9. Rd1 Re8 10. Nc3 Nb6 11. Qb3 Nbd5 12. Ne5 Bd6 13. Nc4 Bc7 14. Bg5 h6 15.
Bxf6 Qxf6 16. e4 Nb6 17. e5 Qe7 18. Ne4 Nxc4 19. Qxc4 Bb6 20. Rac1 Rd8 21. Nc5
Qc7 22. h4 Bd7 23. f4 Rac8 24. h5 Be8 25. Bf3 Qe7 26. Kg2 Rc7 27. a3 Bxc5 28.
dxc5 Rcd7 29. Rd6 Rxd6 30. cxd6 Qd7 31. b4 a6 32. Qc5 f6 33. Qb6 Rc8 34. a4 g6
35. hxg6 Bxg6 36. b5 fxe5 37. fxe5 Bd3 38. bxc6 bxc6 39. Rxc6 Rf8 40. Qd4 Be2
41. Qg4+ Kh8 42. Rc7 Bxf3+ 43. Qxf3 Rxf3 44. Rxd7 Re3 45. Re7 Rxe5 46. d7 1-0

[Event "Guernsey Open"]
[Site "?"]
[Date "2002.??.??"]
[Round "2"]
[White "Corkett, Anthony"]
[Black "Goris, Ton"]
[Result "1/2-1/2"]
[WhiteElo "2313"]
[BlackElo "2078"]
[PlyCount "54"]
[EventDate "2002.10.20"]

1. c4 e6 2. Nf3 Nf6 3. g3 c5 4. Bg2 Nc6 5. O-O d5 6. d3 Be7 7. Nc3 O-O 8. b3 b6
9. Bb2 Bb7 10. cxd5 Nxd5 11. Nxd5 exd5 12. d4 Bf6 13. Qd2 Re8 14. Rfe1 Ba6 15.
e3 Rc8 16. dxc5 Bxb2 17. Qxb2 bxc5 18. Rad1 d4 19. exd4 Rxe1+ 20. Rxe1 cxd4 21.
Bh3 Rb8 22. Bg2 Qb6 23. Qd2 Rd8 24. h4 h6 25. Qf4 d3 26. Rd1 Nd4 27. Nxd4 Rxd4
1/2-1/2

[Event "Guernsey Open"]
[Site "?"]
[Date "2002.??.??"]
[Round "2"]
[White "Kuijpers, CF."]
[Black "Van Voorthuijsen, PW."]
[Result "0-1"]
[WhiteElo "2080"]
[BlackElo "2304"]
[PlyCount "80"]
[EventDate "2002.10.20"]

1. e4 c5 2. Nf3 d6 3. Bb5+ Bd7 4. Bxd7+ Nxd7 5. O-O Ngf6 6. Re1 e6 7. b3 Be7 8.
Bb2 O-O 9. c4 a6 10. Nc3 Ne5 11. d3 Nfd7 12. Nxe5 dxe5 13. Ne2 Qc7 14. Rf1 Bf6
15. g3 Rad8 16. Qc2 Nb8 17. Rad1 Nc6 18. a3 Rd6 19. f4 Rfd8 20. f5 exf5 21.
Rxf5 Qd7 22. Rf3 Bg5 23. h4 Qg4 24. Kf2 Rf6 25. Rxf6 Bxf6 26. Rf1 Rd6 27. Ke1
Qh3 28. Qd2 h6 29. b4 Bxh4 30. bxc5 Bxg3+ 31. Nxg3 Qxg3+ 32. Ke2 Qg4+ 33. Ke1
Rd7 34. Qe3 Qg2 35. Rf2 Qg1+ 36. Ke2 Qb1 37. Qd2 Qh1 38. Qe3 f6 39. Rf1 Qh5+
40. Kd2 Qg5 0-1

[Event "Guernsey Open"]
[Site "?"]
[Date "2002.??.??"]
[Round "2"]
[White "Van Dijk, Bram"]
[Black "Kitchlew, Andrew"]
[Result "1-0"]
[WhiteElo "2241"]
[BlackElo "2090"]
[PlyCount "139"]
[EventDate "2002.10.20"]

1. e4 e6 2. d4 Nf6 3. Bd3 c5 4. c3 cxd4 5. cxd4 Bb4+ 6. Nc3 Nc6 7. Nge2 d5 8.
e5 Nd7 9. O-O a6 10. Qc2 f5 11. exf6 Nxf6 12. Bg5 Bd6 13. h3 Nb4 14. Qd2 Nxd3
15. Qxd3 O-O 16. Rac1 Bd7 17. Bf4 Bc6 18. Qe3 Qd7 19. Be5 Rae8 20. f4 Rf7 21.
g4 Qe7 22. Rf2 Bb4 23. Rcf1 Nd7 24. Qg3 {(=)} Ref8 25. Kh2 Ba5 26. a3 Bb6 27.
h4 Nxe5 28. fxe5 Qe8 29. Kh3 Rxf2 30. Rxf2 Rf7 31. Qe3 h5 32. Nf4 hxg4+ 33.
Kxg4 Rf5 34. h5 Qf7 35. Rf3 Bd8 36. Ng6 Be8 37. Ne2 Bg5 38. Qf2 Bh6 39. Nef4
Rg5+ 40. Kh4 Kh7 41. Rg3 Qf5 42. Qf3 Bf7 43. Nxe6 Bxe6 44. Nf8+ Kg8 45. Qxf5
Rxf5 46. Nxe6 Rf2 47. Nc7 Bf4 48. Rb3 Rd2 49. Nxd5 Rxd4 50. Nxf4 Rxf4+ 51. Kg5
Re4 52. Kf5 Rh4 53. Rxb7 Rxh5+ 54. Ke6 g5 55. Kf6 Rh2 56. Rb8+ Kh7 57. e6 Rf2+
58. Kxg5 Re2 59. Kf6 Rf2+ 60. Ke7 Kg7 61. Rb6 Rd2 62. Ke8 a5 63. e7 Rd5 64. Rb7
Rd2 65. b4 axb4 66. axb4 Rd4 67. b5 Rd5 68. b6 Rd6 69. Rb8 Rd1 70. Rd8 1-0

[Event "Guernsey Open"]
[Site "?"]
[Date "2002.??.??"]
[Round "2"]
[White "Skorna, Ullrich"]
[Black "Wismayer, Clive"]
[Result "1/2-1/2"]
[WhiteElo "2180"]
[BlackElo "2088"]
[PlyCount "34"]
[EventDate "2002.10.20"]

1. e4 e6 2. d4 d5 3. Nc3 dxe4 4. Nxe4 Bd7 5. Nf3 Bc6 6. Bd3 Nd7 7. O-O Ngf6 8.
Ned2 Nd5 9. Re1 Nf4 10. Be4 Bxe4 11. Nxe4 Ng6 12. d5 e5 13. Nxe5 Ndxe5 14. f4
Bd6 15. Qh5 O-O 16. fxe5 Bxe5 17. Ng5 h6 1/2-1/2

[Event "Guernsey Open"]
[Site "?"]
[Date "2002.??.??"]
[Round "2"]
[White "Woodward, Timothy"]
[Black "Kirkwood, Robin"]
[Result "1-0"]
[WhiteElo "2185"]
[BlackElo "2063"]
[PlyCount "35"]
[EventDate "2002.10.20"]

1. d4 d6 2. Nf3 Bg4 3. c4 Nd7 4. e4 e5 5. Be3 Ngf6 6. Nc3 Be7 7. Be2 c6 8. O-O
O-O 9. Qc2 Qc7 10. Rfd1 a6 11. Rac1 Rfe8 12. b4 Rac8 13. Qb3 Qb8 14. dxe5 dxe5
15. h3 Bh5 16. g4 Bg6 17. g5 Nxe4 18. Rxd7 1-0

[Event "Guernsey Open"]
[Site "?"]
[Date "2002.??.??"]
[Round "2"]
[White "Dennis, Nigel"]
[Black "Lock, Gavin"]
[Result "0-1"]
[WhiteElo "2070"]
[BlackElo "2120"]
[PlyCount "66"]
[EventDate "2002.10.20"]

1. e4 e6 2. d4 d5 3. Nc3 Bb4 4. e5 c5 5. a3 Ba5 6. b4 cxd4 7. Nb5 Bc7 8. Nxc7+
Qxc7 9. Qxd4 Nc6 10. Bb5 Nge7 11. f4 Bd7 12. Qd2 Nxe5 13. Bxd7+ Nxd7 14. Bb2
O-O 15. Nf3 Rac8 16. Rc1 Nf5 17. g4 Nd6 18. Qd4 f6 19. f5 exf5 20. Qxd5+ Kh8
21. gxf5 Rfe8+ 22. Kf2 Nb6 23. Qd3 Ne4+ 24. Kg2 Qf4 25. Rhf1 Rcd8 26. Ne5 Qd2+
27. Qxd2 Rxd2+ 28. Kf3 Ng5+ 29. Kf4 Nd5+ 30. Kg4 Rg2+ 31. Kh4 fxe5 32. Rg1 Rxg1
33. Rxg1 Nf3+ 0-1

[Event "Guernsey Open"]
[Site "?"]
[Date "2002.??.??"]
[Round "2"]
[White "Tan, HB."]
[Black "Plant, Paul"]
[Result "0-1"]
[WhiteElo "2149"]
[BlackElo "2024"]
[PlyCount "60"]
[EventDate "2002.10.20"]

1. e4 e6 2. d4 d5 3. e5 c5 4. c3 Nc6 5. Nf3 Qb6 6. Bd3 Bd7 7. O-O cxd4 8. cxd4
Nxd4 9. Nxd4 Qxd4 10. Qe2 Ne7 11. Nc3 a6 12. Be3 Qxe5 13. f4 Qd6 14. Rad1 b5
15. f5 Nc6 16. Kh1 Be7 17. Bc1 Qe5 18. Qf3 b4 19. Bf4 Qf6 20. Nxd5 exd5 21.
Qxd5 Ra7 22. g4 Nd8 23. Be4 Bc6 24. Qc4 Bb5 25. Qc8 O-O 26. g5 Qxb2 27. f6 Bxf1
28. fxe7 Rxe7 29. Rxd8 Bg2+ 30. Kg1 Qd4+ 0-1

[Event "Guernsey Open"]
[Site "?"]
[Date "2002.??.??"]
[Round "2"]
[White "Kamps, JW."]
[Black "Almond, Richard"]
[Result "1/2-1/2"]
[WhiteElo "1993"]
[BlackElo "2127"]
[PlyCount "35"]
[EventDate "2002.10.20"]

1. e4 d5 2. exd5 Qxd5 3. Nc3 Qa5 4. d4 Nf6 5. Nf3 Bf5 6. Bd3 e6 7. O-O Bb4 8.
Ne2 Nbd7 9. a3 O-O 10. Bxf5 exf5 11. Qd3 Ne4 12. Nh4 Be7 13. b4 Bxb4 14. axb4
Qxa1 15. Nxf5 Nd6 16. Nxd6 cxd6 17. Bh6 Qa6 18. Qg3 1/2-1/2

[Event "Guernsey Open"]
[Site "?"]
[Date "2002.??.??"]
[Round "2"]
[White "Barnard, PE."]
[Black "Brown, Allen M"]
[Result "0-1"]
[WhiteElo "1840"]
[BlackElo "2133"]
[PlyCount "52"]
[EventDate "2002.10.20"]

1. e4 e6 2. d4 d5 3. e5 c5 4. c3 Qb6 5. Nf3 Nc6 6. a3 c4 7. Nbd2 Na5 8. Be2 Bd7
9. O-O Nh6 10. h3 Be7 11. Ne1 Nf5 12. Nc2 Ba4 13. Rb1 Rc8 14. g4 Nh4 15. Ra1 g6
16. f4 h5 17. g5 Nf5 18. Rf3 Nc6 19. Kh2 Ncxd4 20. cxd4 Nxd4 21. Rc3 Bxc2 22.
Rxc2 Nxc2 23. Qxc2 Qf2+ 24. Kh1 Qxe2 25. Qa4+ Kd8 26. Qxa7 Bc5 0-1

[Event "Guernsey Open"]
[Site "?"]
[Date "2002.??.??"]
[Round "2"]
[White "Kuijpers, Jos"]
[Black "Reijneveld, Ad"]
[Result "0-1"]
[WhiteElo "1598"]
[BlackElo "2110"]
[PlyCount "40"]
[EventDate "2002.10.20"]

1. d4 Nf6 2. c4 Nc6 3. Nc3 e5 4. d5 Ne7 5. Bg5 Ng6 6. Qc2 Bc5 7. a3 Bxf2+ 8.
Kxf2 Ng4+ 9. Ke1 Qxg5 10. Ne4 Qe3 11. Nh3 d6 12. g3 O-O 13. Nef2 f5 14. Rd1 f4
15. gxf4 Nxf2 16. Nxf2 Rxf4 17. Nd3 Nh4 18. Nxe5 dxe5 19. Rd3 Qf2+ 20. Kd1 Bf5
0-1

[Event "Guernsey Open"]
[Site "?"]
[Date "2002.??.??"]
[Round "2"]
[White "Ruston, Mark"]
[Black "Thurlow, Kevin"]
[Result "1-0"]
[WhiteElo "2065"]
[BlackElo "2203"]
[PlyCount "33"]
[EventDate "2002.10.20"]

1. e4 Nc6 2. Nc3 Nf6 3. d4 e5 4. dxe5 Nxe5 5. f4 Nc6 6. e5 Ng8 7. Bc4 Bc5 8.
Bxf7+ Kxf7 9. Qd5+ Ke8 10. Qxc5 b6 11. Qf2 Nge7 12. Be3 Bb7 13. O-O-O Rf8 14.
Nf3 Ng6 15. Qg3 Nce7 16. Nd4 Qc8 17. Rhf1 1-0

[Event "Guernsey Open"]
[Site "?"]
[Date "2002.??.??"]
[Round "2"]
[White "Rosen, Daniel"]
[Black "Bareham, D."]
[Result "1/2-1/2"]
[WhiteElo "2201"]
[BlackElo "1920"]
[PlyCount "52"]
[EventDate "2002.10.20"]

1. e4 c5 2. f4 Nc6 3. Nf3 g6 4. Nc3 Bg7 5. Bc4 e6 6. O-O Nge7 7. d3 O-O 8. Qe1
d5 9. Bb3 Na5 10. exd5 Nxb3 11. axb3 exd5 12. Na4 Qd6 13. Bd2 b6 14. b4 Bb7 15.
bxc5 bxc5 16. d4 Rfe8 17. Nxc5 Bxd4+ 18. Nxd4 Qxc5 19. Qf2 Nc6 20. Bc3 Re4 21.
Nxc6 Qxf2+ 22. Rxf2 Bxc6 23. Be5 a5 24. c3 a4 25. h3 f5 26. Kh2 Kf7 1/2-1/2

[Event "Guernsey Open"]
[Site "?"]
[Date "2002.??.??"]
[Round "2"]
[White "Broek, Thomas"]
[Black "Kuijpers, Peter CA"]
[Result "1/2-1/2"]
[WhiteElo "2194"]
[BlackElo "1985"]
[PlyCount "65"]
[EventDate "2002.10.20"]

1. e4 c5 2. d4 cxd4 3. c3 g6 4. cxd4 d5 5. exd5 Nf6 6. Bb5+ Bd7 7. Bc4 Bg7 8.
Nc3 O-O 9. Nf3 Bf5 10. Qe2 Nbd7 11. Nh4 Nb6 12. Nxf5 gxf5 13. Bd3 Nbxd5 14.
Bxf5 Nxc3 15. bxc3 Qa5 16. Qf3 e6 17. Bc2 Rac8 18. Bd2 e5 19. Qf5 Bh6 20. f4
Bxf4 21. O-O Bxd2 22. Qxf6 Qxc3 23. Bb3 Qxd4+ 24. Kh1 Bf4 25. Rad1 Qb6 26. Qxb6
axb6 27. Rd7 Rc1 28. Rxc1 Bxc1 29. Rxb7 Be3 30. g3 Bc5 31. Bd5 Kg7 32. Kg2 Kg6
33. g4 1/2-1/2

[Event "Guernsey Open"]
[Site "?"]
[Date "2002.??.??"]
[Round "2"]
[White "Van de Walle, Rob P"]
[Black "Ballon, Guenther Jan"]
[Result "1/2-1/2"]
[WhiteElo "1896"]
[BlackElo "2219"]
[PlyCount "96"]
[EventDate "2002.10.20"]

1. d4 d5 2. c4 c6 3. Nf3 e6 4. e3 Nf6 5. Nc3 Nbd7 6. Bd3 Bd6 7. h3 O-O 8. O-O
dxc4 9. Bxc4 e5 10. e4 b5 11. Bd3 b4 12. Ne2 Bb7 13. Be3 Re8 14. Rc1 exd4 15.
Nexd4 c5 16. Nf5 Bf8 17. Ng5 Ne5 18. Bb5 Qxd1 19. Rfxd1 Red8 20. f4 Ng6 21. Bc4
Nh8 22. e5 Nd5 23. e6 h6 24. exf7+ Nxf7 25. Ne6 Re8 26. Bxd5 Bxd5 27. Nc7 Bxa2
28. Nxa8 Rxa8 29. Bxc5 a5 30. Bxf8 Kxf8 31. Rc7 a4 32. Nd4 Bd5 33. Nb5 Bb3 34.
Rdd7 Be6 35. Re7 Bd5 36. Ra7 Rb8 37. Nd4 a3 38. b3 Nd8 39. Red7 Nc6 40. Nxc6
Bxc6 41. Rf7+ Ke8 42. Rfe7+ Kf8 43. Rf7+ Ke8 44. Rxg7 Bd5 45. Rh7 Kf8 46. Rhd7
Bxb3 47. Rd3 Bc4 48. Rdxa3 bxa3 1/2-1/2

[Event "Guernsey Open"]
[Site "?"]
[Date "2002.??.??"]
[Round "2"]
[White "Nicholson, John"]
[Black "Doell, Detlef"]
[Result "1-0"]
[WhiteElo "1712"]
[BlackElo "2148"]
[PlyCount "69"]
[EventDate "2002.10.20"]

1. e4 c5 2. Nf3 d6 3. c3 Nf6 4. d3 g6 5. Bg5 Bg7 6. Nbd2 h6 7. Bh4 Nc6 8. Be2
O-O 9. O-O Qb6 10. Rb1 e5 11. b4 cxb4 12. cxb4 Be6 13. b5 Nd4 14. Nxd4 Qxd4 15.
a4 Rfc8 16. Kh1 g5 17. Bg3 Rc3 18. h4 Qb6 19. hxg5 hxg5 20. Nf3 Bh6 21. Nxe5
Rac8 22. Ng4 Nxg4 23. Bxg4 Bxg4 24. Qxg4 Qd4 25. Rbd1 R8c5 26. f4 Qxa4 27. Ra1
Ra3 28. Rac1 Qxb5 29. fxg5 Rxg5 30. Qc8+ Bf8 31. Bxd6 Rh5+ 32. Kg1 Qb6+ 33. Rc5
Qxd6 34. Rxh5 Rxd3 35. Qf5 1-0

[Event "Guernsey Open"]
[Site "?"]
[Date "2002.??.??"]
[Round "2"]
[White "Marotzke, Stefan"]
[Black "O'Toole, Anthony"]
[Result "1-0"]
[WhiteElo "2089"]
[BlackElo "1672"]
[PlyCount "63"]
[EventDate "2002.10.20"]

1. d4 Nf6 2. Bg5 g6 3. Bxf6 exf6 4. g3 d5 5. Bg2 Be6 6. e3 Qd7 7. Nc3 Nc6 8.
Nge2 g5 9. Qd2 a6 10. a3 Bg7 11. O-O-O O-O-O 12. Na4 Bh3 13. Nc5 Qg4 14. f3 Qh5
15. g4 Qh6 16. Ng3 Bxg2 17. Qxg2 Rhe8 18. Rd3 Bf8 19. Rc3 Bxc5 20. Rxc5 Qg6 21.
Nf5 Ne7 22. Qg3 Rd7 23. Nd6+ Rxd6 24. Qxd6 Nc6 25. Qxd5 Rxe3 26. Kd2 Re7 27.
Re1 Rxe1 28. Kxe1 Kb8 29. Qd7 h5 30. d5 Ne5 31. Qxc7+ Ka7 32. Rc3 1-0

[Event "Guernsey Open"]
[Site "?"]
[Date "2002.??.??"]
[Round "2"]
[White "Westerkamp, Bert"]
[Black "Burton, Ronnie"]
[Result "1/2-1/2"]
[WhiteElo "1961"]
[BlackElo "2078"]
[PlyCount "34"]
[EventDate "2002.10.20"]

1. d4 e5 2. dxe5 Nc6 3. Nf3 Qe7 4. Nbd2 Nxe5 5. Nxe5 Qxe5 6. Nf3 Qa5+ 7. Bd2
Qb6 8. Bc3 Bb4 9. Qd2 Bxc3 10. Qxc3 Nf6 11. e3 O-O 12. Be2 d5 13. O-O Re8 14.
Rfe1 Bg4 15. h3 Bxf3 16. Bxf3 Ne4 17. Qd4 Qxd4 1/2-1/2

[Event "Guernsey Open"]
[Site "?"]
[Date "2002.??.??"]
[Round "2"]
[White "Murray, J Stephen"]
[Black "Van Hoek, W."]
[Result "1-0"]
[WhiteElo "2075"]
[BlackElo "1761"]
[PlyCount "127"]
[EventDate "2002.10.20"]

1. e4 e5 2. Nf3 Nc6 3. Bc4 Nf6 4. d4 exd4 5. e5 d5 6. Bb5 Ne4 7. Nxd4 Bd7 8.
Bxc6 bxc6 9. O-O Bc5 10. Be3 Qe7 11. f3 Ng5 12. f4 Ne4 13. Nd2 Bxd4 14. Bxd4 c5
15. Nxe4 dxe4 16. Bf2 Bc6 17. Qe2 O-O 18. Qc4 Qe6 19. Qxc5 Rfb8 20. b3 Rb5 21.
Qe3 f6 22. exf6 Qxf6 23. Rad1 a6 24. a4 Rf5 25. g3 Qf7 26. Qc3 Bb7 27. Be3 Rf6
28. Rd4 Rd6 29. Rfd1 Rxd4 30. Rxd4 h6 31. Qd2 Re8 32. Rd7 Re7 33. Rd8+ Kh7 34.
Qd4 Bc6 35. Qc5 Rd7 36. Rxd7 Qxd7 37. Bd4 Qg4 38. Be3 Qd1+ 39. Kf2 Qd5 40. Qxd5
Bxd5 41. Bd4 Kg6 42. Ke3 Kf7 43. Be5 c5 44. c4 Bc6 45. Bd6 h5 46. Bxc5 Ke6 47.
b4 Kf5 48. b5 axb5 49. cxb5 Ba8 50. a5 Bb7 51. a6 Bc8 52. a7 Bb7 53. h3 g6 54.
Bb4 g5 55. Bd2 gxf4+ 56. gxf4 Ke6 57. Kd4 Kd6 58. Be3 Ba8 59. b6 Bb7 60. f5 Ba8
61. f6 Ke6 62. Kc5 Bb7 63. f7 Kxf7 64. Kd6 1-0

[Event "Guernsey Open"]
[Site "?"]
[Date "2002.??.??"]
[Round "2"]
[White "Havenaar, Jan"]
[Black "Gravett, AD."]
[Result "1-0"]
[WhiteElo "2267"]
[BlackElo "1900"]
[PlyCount "57"]
[EventDate "2002.10.20"]

1. Nc3 g6 2. e4 c5 3. f4 d6 4. Nf3 Nc6 5. Bc4 Bg7 6. O-O e6 7. d3 Nge7 8. Qe1
O-O 9. f5 exf5 10. Qh4 h5 11. Bg5 Qd7 12. Rae1 f4 13. Qxf4 Nd4 14. Bf6 Ne6 15.
Qh4 Bxf6 16. Qxf6 Qd8 17. Ng5 Nxg5 18. Qxg5 Be6 19. Bxe6 fxe6 20. Rxf8+ Qxf8
21. Rf1 Qg7 22. e5 dxe5 23. Ne4 Rf8 24. Rxf8+ Qxf8 25. Qxe5 Qf5 26. Qb8+ Kg7
27. Qxb7 Kf8 28. Qb8+ Kg7 29. Qxa7 1-0

[Event "Guernsey Open"]
[Site "?"]
[Date "2002.??.??"]
[Round "2"]
[White "De Kruif, Kees"]
[Black "Huijzer, J."]
[Result "0-1"]
[WhiteElo "1861"]
[BlackElo "1890"]
[PlyCount "62"]
[EventDate "2002.10.20"]

1. a3 e5 2. c4 Nc6 3. b4 g6 4. Bb2 Bg7 5. Nf3 d6 6. d3 f5 7. Qc2 Nf6 8. e3 O-O
9. Nc3 f4 10. exf4 Nh5 11. fxe5 dxe5 12. Ne4 Nf4 13. Bc1 Bg4 14. Be3 Bxf3 15.
gxf3 Nd4 16. Bxd4 Qxd4 17. Rd1 Rad8 18. h4 b6 19. Be2 Bf6 20. Kf1 Be7 21. Qb3
Kg7 22. a4 a6 23. b5 axb5 24. axb5 Ra8 25. Qc3 Ra2 26. Qxd4 exd4 27. Ng3 Bb4
28. h5 Re8 29. h6+ Kg8 30. Rb1 Bc3 31. Bd1 Re1# 0-1

[Event "Guernsey Open"]
[Site "?"]
[Date "2002.??.??"]
[Round "2"]
[White "Milnes, Anthony"]
[Black "Dekker, Jop"]
[Result "1/2-1/2"]
[WhiteElo "2128"]
[BlackElo "1859"]
[PlyCount "63"]
[EventDate "2002.10.20"]

1. e4 d5 2. exd5 Nf6 3. Nf3 Nxd5 4. c4 Nb6 5. d4 g6 6. Nc3 Bg7 7. Be3 O-O 8.
Be2 Nc6 9. h3 e5 10. d5 Ne7 11. O-O Re8 12. a4 Nf5 13. Bc5 Nd7 14. Ba3 e4 15.
Ne1 Nd4 16. Nb5 Nxb5 17. axb5 Ne5 18. f4 Nd7 19. Nc2 b6 20. Nd4 Qf6 21. Nc6 Nc5
22. Rc1 a5 23. b3 Bd7 24. Rb1 Qc3 25. Bb2 Qe3+ 26. Rf2 Bxb2 27. Rxb2 Bxc6 28.
bxc6 Rad8 29. Bf1 Re7 30. Qd2 Qg3 31. Qd1 Qe3 32. Qd2 1/2-1/2

[Event "Guernsey Open"]
[Site "?"]
[Date "2002.??.??"]
[Round "2"]
[White "Ruigrok, Jacques"]
[Black "Arnott, Jonathan"]
[Result "0-1"]
[WhiteElo "1836"]
[BlackElo "2070"]
[PlyCount "46"]
[EventDate "2002.10.20"]

1. e4 e6 2. d4 d5 3. e5 c5 4. c3 Qb6 5. Nf3 Bd7 6. Bd3 Nc6 7. O-O cxd4 8. cxd4
Nxd4 9. Nxd4 Qxd4 10. Nc3 a6 11. Qe2 Bb4 12. Bd2 Ne7 13. Kh1 Bxc3 14. Bxc3 Qb6
15. Qg4 g6 16. Qb4 Qxb4 17. Bxb4 Bb5 18. Rfd1 Bxd3 19. Rxd3 Rc8 20. Rdd1 Rc4
21. Bd6 Kd7 22. Rd2 Rhc8 23. g3 Nf5 0-1

[Event "Guernsey Open"]
[Site "?"]
[Date "2002.??.??"]
[Round "2"]
[White "Mycroft, R."]
[Black "Opgenhaffen, Gerie"]
[Result "1-0"]
[WhiteElo "2008"]
[BlackElo "1786"]
[PlyCount "113"]
[EventDate "2002.10.20"]

1. e4 c5 2. Nf3 Nc6 3. g3 g6 4. Bg2 Bg7 5. O-O d6 6. d3 e6 7. Qe2 Nge7 8. c3
O-O 9. Be3 Bd7 10. d4 cxd4 11. cxd4 Rc8 12. Nc3 a6 13. Qd2 d5 14. e5 Nf5 15.
Bf4 Qb6 16. Rfd1 Na5 17. b3 Qb4 18. Nxd5 Qxd2 19. Bxd2 Nxb3 20. axb3 exd5 21.
Rac1 Bb5 22. g4 Ne7 23. Bb4 Rxc1 24. Rxc1 Rc8 25. Rxc8+ Nxc8 26. Ng5 Bc6 27. e6
fxe6 28. Nxe6 Bf6 29. Nc7 Bxd4 30. Nxd5 Kf7 31. g5 Nb6 32. Nc3 Bxg2 33. Kxg2
Ke6 34. Kf3 Kf5 35. h4 Nd7 36. Nd5 Ne5+ 37. Ke2 Kg4 38. Nf6+ Kxh4 39. f4 Nf7
40. Kf3 Kh3 41. Nxh7 Nd8 42. Nf8 Nc6 43. Bd6 Bg7 44. Nxg6 Nd4+ 45. Ke4 Nxb3 46.
f5 Nd2+ 47. Kd3 Nf3 48. f6 Bxf6 49. gxf6 Ng5 50. Ne5 b5 51. Be7 Kg3 52. Ke3 Kh3
53. Kf4 Nh7 54. f7 a5 55. Nc6 a4 56. Nb4 a3 57. Kf5 1-0